[Event "HUN-ch Rapid 2018"]
[Site "Ajka"]
[Date "2018.07.21"]
[Round "10"]
[White "Mihalyfi, Gabor"]
[Black "Csiszar, Csaba"]
[Result "0-1"]
[WhiteElo "1999"]
[BlackElo "2432"]
[Annotator "TA"]
[PlyCount "118"]
[EventDate "2018.07.20"]
[EventType "swiss"]
[EventCountry "HUN"]
[SourceTitle "playchess.com"]
[Source "ChessBase"]
[SourceQuality "1"]

{[%evp 10,118,-1,3,11,7,7,15,22,0,29,16,19,0,0,0,-8,0,0,-24,-16,-60,-59,-68,-23,-35,-38,-29,-36,-27,-30,-57,-56,-66,-68,-74,-81,-68,-81,-77,-32,-15,-25,-72,-78,-127,-76,-60,-67,-88,0,0,0,0,0,0,0,0,0,0,0,0,0,-23,-23,-23,-23,-23,0,0,0,0,0,0,0,0,0,-34,-34,-56,-56,-56,-56,-56,-56,-56,-56,-56,-34,-56,-56,-56,-34,-12845,-12846,-12847,-12847,-12848,-12848,-12850,-29983,-12851,-29982,-12851,-29983,-12851,-29980,-12851,-29985,-12851,-29988]} 1. d4 Nf6 2. g3 e6 3. Bg2 c5 4. e3 Nc6 5. Nf3 d5 6. O-O {LiveBook: 37 Games} Bd7 {D02: 1 d4 d5 2 Nf3 sidelines, including 2...Nf6 3 g3 and 2...Nf6 3 Bf4} (6... Be7 7. b3 O-O 8. Bb2 Bd7 9. c4 Rc8 10. cxd5 Nxd5 11. e4 Nb6 12. dxc5 Bxc5 13. a3 a5 14. Qe2 Qe7 15. e5 Na7 16. Nc3 {1-0 (45) Stefanova,A (2527)-Socko,M (2462) Gallipoli 2017}) 7. b3 cxd4 8. exd4 Be7 {The position is equal.} 9. Qe2 $146 ({Predecessor:} 9. Bb2 Rc8 10. Re1 O-O 11. Nbd2 Nb4 12. c4 Nd3 13. Qc2 Nxe1 14. Rxe1 Bb4 15. a3 Bxd2 16. Nxd2 dxc4 17. bxc4 {0-1 (36) Agapov,Y (1991)-Abashkin,A (1925) Tambov 2013}) 9... Qb6 10. Rd1 O-O 11. Ba3 Bxa3 12. Nxa3 Qa5 13. Nb1 $1 b5 14. Ne5 Rac8 15. a4 b4 16. Qb5 Qc7 17. Nxc6 $1 Qxc6 18. Qxb4 Qxc2 19. Nd2 {[%cal Bb1d2,Bd2f3,Bf3e5][%mdl 32]} Qc7 20. Qa3 Qb6 21. Nf3 Rc3 22. a5 Qxb3 23. Qxb3 Rxb3 24. Rdc1 Rfb8 25. Ne5 Be8 26. Bf1 Ne4 27. Bd3 f6 (27... Kf8 $142 28. Rc7 R8b7) 28. Bxe4 $17 dxe4 29. Nc6 {[#]} Bxc6 ({Black should play} 29... Ra8 $1 $17) 30. Rxc6 $11 Rb1+ (30... e3 {is more complex.} 31. Rxe6 exf2+ 32. Kxf2 R8b7 33. Rae1 Kf7) 31. Rxb1 Rxb1+ {[%mdl 4096] Endgame KR-KR} 32. Kg2 Kf7 33. Rc7+ Kg6 34. Rxa7 Ra1 35. Ra6 Kf5 36. g4+ Kxg4 {Hoping for ...f5.} 37. Rxe6 Kf5 38. Re7 $1 g5 (38... Rxa5 {looks sharper.} 39. Rxg7 h5 40. Rc7 Ra3 41. d5 Rd3) 39. Rxh7 Rxa5 40. h4 Rd5 41. hxg5 Kxg5 42. Rg7+ Kf4 43. Rg6 (43. f3 $5) 43... f5 44. Ra6 Rxd4 45. Ra2 Rd7 46. Ra3 Rd3 47. Ra2 Rd4 48. Ra3 Rb4 (48... Rd2 {is interesting.} 49. Kf1 Rd3 50. Ra5 Kg4 51. Re5 Rd1+) 49. Rc3 Rb2 50. Ra3 Kg4 51. Rc3 $2 {[%mdl 8192] [#]} (51. Rg3+ $15 Kh4 52. Rh3+ Kg5 53. Rg3+ Kf6 54. Re3) 51... f4 $1 $19 52. Rc8 e3 53. Rg8+ Kh5 54. Kf1 Rxf2+ 55. Ke1 Kh4 (55... f3 $19 56. Re8 Re2+ 57. Kf1 Kg4) 56. Rg7 Kh3 (56... f3 $19 57. Re7 Re2+ 58. Kf1 Ra2 59. Re4+ Kg3 60. Rxe3 Ra1+ 61. Re1 Rxe1+ 62. Kxe1 Kg2 63. Kd2 f2 64. Kc3 f1=Q 65. Kb4 Qf5 66. Kc4 Kf3 67. Kb4 Ke3 68. Kb3 Qb5+ 69. Kc3 Qa4 70. Kb2 Kd3 71. Kb1 Kc3 72. Kc1 Qc2#) 57. Rg8 Rg2 (57... f3 $19 58. Rh8+ Kg2 59. Rg8+ Kh2 60. Rh8+ Kg1 61. Rg8+ Rg2 62. Rf8 f2+ 63. Ke2 f1=Q+ 64. Kxe3 Qc4 65. Rf2 Rg4 66. Rf8 Qc3+ 67. Ke2 Re4+ 68. Kd1 Re1#) 58. Rh8+ Kg3 (58... Kg4 $19 59. Kd1 f3 60. Rg8+ Kf4 61. Rf8+ Kg3) 59. Rg8+ Kf3 {Precision: White = 43%, Black = 66%.} 0-1

[Event "HUN-ch Rapid 2018"]
[Site "Ajka"]
[Date "2018.07.21"]
[Round "10"]
[White "Miszler, Levente"]
[Black "Martini, Balazs"]
[Result "0-1"]
[WhiteElo "1809"]
[BlackElo "2295"]
[Annotator "NA"]
[PlyCount "86"]
[EventDate "2018.07.20"]
[EventType "swiss"]
[EventCountry "HUN"]
[SourceTitle "playchess.com"]
[Source "ChessBase"]
[SourceQuality "1"]
[TimeControl "1200+5"]

1. Nf3 {[%emt 0:00:02]} d5 {[%emt 0:00:05]} 2. c4 {[%emt 0:00:02]} e6 {[%emt 0:00:12]} 3. g3 {[%emt 0:00:05]} Nf6 {[%emt 0:00:05]} 4. Bg2 {[%emt 0:00:02]} Be7 {[%emt 0:00:11]} 5. O-O {[%emt 0:00:05]} O-O {[%emt 0:00:02]} 6. cxd5 {[%emt 0:00:02]} exd5 {[%emt 0:00:01]} 7. d4 {[%emt 0:00:02]} c6 {[%emt 0:00:40]} 8. Nc3 {[%emt 0:00:04]} Bf5 {[%emt 0:00:10]} 9. Bf4 {[%emt 0:01:16]} h6 {[%emt 0:00:24]} 10. Qb3 {[%emt 0:01:01]} Qb6 {[%emt 0:00:08]} 11. Qxb6 {[%emt 0:00:38]} axb6 {[%emt 0:00:01]} 12. Ne5 {[%emt 0:01:09]} Nbd7 {[%emt 0:00:20]} 13. Nxd7 {[%emt 0:00:19]} Nxd7 {[%emt 0:00:03]} 14. f3 {[%emt 0:00:37]} Bf6 {[%emt 0:00:15]} 15. Be3 {[%emt 0:00:10]} b5 {[%emt 0:00:15]} 16. a3 {[%emt 0:00:32]} Nb6 {[%emt 0:04:14]} 17. Bf2 {[%emt 0:01:53]} Na4 {[%emt 0:01:14]} 18. Nxa4 {[%emt 0:00:51]} Rxa4 {[%emt 0:00:02]} 19. e4 {[%emt 0:00:25]} Be6 {[%emt 0:00:11]} 20. e5 {[%emt 0:00:50]} Bd8 {[%emt 0:00:14]} 21. Be3 {[%emt 0:00:40]} Bb6 {[%emt 0:00:05]} 22. Rad1 {[%emt 0:00:02]} h5 {[%emt 0:00:19]} 23. f4 {[%emt 0:00:25]} Bf5 {[%emt 0:00:19]} 24. Bf3 {[%emt 0:00:17]} g6 {[%emt 0:00:02]} 25. Kg2 {[%emt 0:00:11]} b4 {[%emt 0:00:12]} 26. axb4 {[%emt 0:01:40]} Rxb4 {[%emt 0:00:01]} 27. Rd2 {[%emt 0:00:03]} Ra8 {[%emt 0:00:30]} 28. h3 {[%emt 0:00:23]} Ra2 {[%emt 0:00:16]} 29. Rff2 {[%emt 0:00:02]} Rb3 {[%emt 0:00:09]} 30. g4 {[%emt 0:02:41]} hxg4 {[%emt 0:00:32]} 31. hxg4 {[%emt 0:00:01]} Bb1 {[%emt 0:00:14]} 32. Rfe2 {[%emt 0:01:12]} Ba5 {[%emt 0:00:35]} 33. Rd1 {[%emt 0:00:26]} Raxb2 {[%emt 0:00:54]} 34. Rxb2 {[%emt 0:00:38]} Rxb2+ {[%emt 0:00:01]} 35. Bf2 {[%emt 0:00:19]} Bc3 {[%emt 0:00:19]} 36. Kg3 {[%emt 0:00:18]} b5 {[%emt 0:00:16]} 37. Rc1 {[%emt 0:00:17]} b4 {[%emt 0:00:06]} 38. Bd1 {[%emt 0:00:25]} Be4 {[%emt 0:01:07]} 39. Ba4 {[%emt 0:00:18]} Ra2 {[%emt 0:00:42]} 40. Bxc6 {[%emt 0:00:44]} Bd2 {[%emt 0:00:12]} 41. Rc5 {[%emt 0:00:49]} Ra3+ {[%emt 0:00:29]} 42. Kh4 {[%emt 0:00:17]} Bxf4 {[%emt 0:00:07]} 43. g5 {[%emt 0:00:13]} Bf5 {[%emt 0:00:11]} 0-1

[Event "HUN-ch Rapid 2018"]
[Site "Ajka"]
[Date "2018.07.22"]
[Round "11"]
[White "Banusz, Tamas"]
[Black "Almasi, Zoltan"]
[Result "1/2-1/2"]
[WhiteElo "2592"]
[BlackElo "2650"]
[Annotator "TA"]
[PlyCount "45"]
[EventDate "2018.07.20"]
[EventType "swiss"]
[EventCountry "HUN"]
[SourceTitle "playchess.com"]
[Source "ChessBase"]
[SourceQuality "1"]

{[%evp 24,45,14,8,22,0,0,6,25,-8,-4,0,0,-12,0,-18,-15,-41,0,-22,0,-50,0,0]} 1. Nf3 b6 2. g3 c5 3. Bg2 Bb7 4. c4 g6 5. O-O Bg7 6. Nc3 Nf6 7. d4 cxd4 8. Nxd4 Bxg2 9. Kxg2 Qc8 10. b3 Qb7+ 11. f3 Nc6 12. Nc2 O-O 13. e4 a6 $146 {A30: Englische Eröffnung (Symmetrische Variante)} ({Vorgänger:} 13... Rfd8 14. Bb2 e6 15. Qd6 Ne8 16. Qd2 d6 17. Rad1 a6 18. Ne3 b5 19. Ne2 Nf6 20. g4 h6 21. h4 bxc4 {0-1 (59) Feustel,B (2365)-Helmers,K (2430) Randers 1982}) 14. a4 d6 15. Bb2 Rfd8 16. Rb1 e6 17. Ne3 Nd7 18. Rf2 Nc5 19. Rd2 Bh6 20. Re2 Bg7 21. Rd2 Bh6 22. Re2 Bg7 23. Rd2 1/2-1/2

[Event "HUN-ch Rapid 2018"]
[Site "Ajka"]
[Date "2018.07.22"]
[Round "11"]
[White "Gledura, Benjamin"]
[Black "Papp, Gabor"]
[Result "1/2-1/2"]
[WhiteElo "2574"]
[BlackElo "2574"]
[Annotator "TA"]
[PlyCount "26"]
[EventDate "2018.07.20"]
[EventType "swiss"]
[EventCountry "HUN"]
[SourceTitle "playchess.com"]
[Source "ChessBase"]
[SourceQuality "1"]

{[%evp 11,26,7,1,-8,1,0,16,-20,-8,-16,-8,-17,-22,-40,0,-7,-11]} 1. b3 Nf6 2. Bb2 b6 3. c4 Bb7 4. e3 e6 5. Nf3 d5 6. cxd5 {A13: English Opening: 1...e6} (6. Nc3 Nbd7 7. d4 Bd6 8. Bd3 O-O 9. O-O a6 10. Rc1 Qe7 11. cxd5 exd5 12. Ne2 Ne4 13. Qc2 Rac8 14. Ng3 g6 15. Qe2 h5 16. Ne5 Nxe5 17. dxe5 Bxe5 18. Bxe5 Qxe5 19. Nxe4 dxe4 20. Bxa6 Bxa6 21. Qxa6 {½-½ (57) Harikrishna,P (2732)-Navara,D (2727) Prague 2018}) 6... exd5 {LiveBook: 16 Games} 7. g3 Nbd7 8. Bg2 Ba6 9. Ne5 $146 ({Predecessor:} 9. d3 Nc5 10. Bf1 Be7 11. b4 Ncd7 12. Qa4 Qc8 13. Bxf6 Bxf6 {0-1 (81) Daly,C (2275)-Miles,A (2565) Dublin 1993}) 9... Nxe5 10. Bxe5 Bd6 11. Bxd6 Qxd6 12. d3 O-O 13. O-O c5 1/2-1/2

[Event "HUN-ch Rapid 2018"]
[Site "Ajka"]
[Date "2018.07.22"]
[Round "11"]
[White "Medvegy, Zoltan"]
[Black "Papp, Petra"]
[Result "1-0"]
[WhiteElo "2542"]
[BlackElo "2287"]
[Annotator "TA"]
[PlyCount "35"]
[EventDate "2018.07.20"]
[EventType "swiss"]
[EventCountry "HUN"]
[SourceTitle "playchess.com"]
[Source "ChessBase"]
[SourceQuality "1"]

{[%evp 16,35,25,0,0,0,-3,-8,7,0,21,26,40,20,33,0,24,10,54,47,70,63]} 1. Nf3 c5 2. e4 d6 3. d4 cxd4 4. Nxd4 Nf6 5. Nc3 a6 6. Be3 e5 7. Nf3 Qc7 8. a4 Be7 9. Bg5 {LiveBook: 5 Partien. B90: Sizilianisch (Najdorf-Variante, Abweichungen)} Be6 10. Bxf6 Bxf6 11. Nd5 {Die Stellung ist ausgeglichen.} Bxd5 12. Qxd5 Nc6 $146 {[#] Droht stark ...Sb4.} (12... O-O {keeps more tension.} 13. Bd3 Nd7 14. O-O Qc6 15. Qc4 Rfc8) ({Vorgänger:} 12... Nd7 13. c3 O-O 14. Bd3 Qc6 15. Bc4 Nc5 16. Nd2 Bg5 17. Qxc6 bxc6 {0-1 (29) Turzo,A (2314)-Groszpeter,A (2541) Hungary 2009}) 13. c3 O-O 14. Rd1 Rad8 15. Qa2 g6 16. Bc4 h6 17. O-O Bg7 18. Rd3 1-0

[Event "HUN-ch Rapid 2018"]
[Site "Ajka"]
[Date "2018.07.22"]
[Round "11"]
[White "Czebe, Attila"]
[Black "Balog, Imre"]
[Result "0-1"]
[WhiteElo "2488"]
[BlackElo "2613"]
[Annotator "TA"]
[PlyCount "54"]
[EventDate "2018.07.20"]
[EventType "swiss"]
[EventCountry "HUN"]
[SourceTitle "playchess.com"]
[Source "ChessBase"]
[SourceQuality "1"]

{[%evp 16,54,20,20,29,20,23,18,50,37,49,40,38,54,47,37,37,34,43,55,46,16,23,12,22,4,8,14,18,0,0,-4,-7,0,0,0,0,-88,-9,-237,-238]} 1. Nf3 Nf6 2. g3 d5 3. Bg2 g6 4. c4 c6 5. cxd5 cxd5 6. d4 Bg7 7. Nc3 Ne4 {D73: Fianchetto Grünfeld: 5 Nf3} 8. Qa4+ Bd7 9. Qb3 {LiveBook: 4 Games} Nxc3 {The position is equal.} 10. bxc3 Bc6 11. Ne5 O-O $146 ({Predecessor:} 11... Bxe5 12. dxe5 d4 13. Bxc6+ Nxc6 14. Qxb7 Rc8 15. cxd4 Nxd4 {0-1 (29) Dankhazi,A (2289)-Erdos,V (2619) Ajka 2018}) 12. Nxc6 bxc6 13. Qb7 Nd7 14. Qxc6 Nb6 15. Qb5 Rc8 16. Qd3 e5 17. dxe5 Bxe5 18. O-O Rxc3 19. Qd1 d4 20. Bb2 Rc7 21. Rc1 Rxc1 22. Qxc1 Na4 23. Rd1 Qb6 $36 {[%mdl 2048] Black is pushing.} 24. Ba1 Nc3 25. Bxc3 $1 dxc3 26. Qc2 {[#]} (26. Bd5 $1 $11 {keeps the balance.}) 26... Qb2 (26... Rb8 $1 $17 27. Bd5 Qb2) 27. Rc1 $2 (27. Be4 $11 {and White is okay.}) 27... Rd8 {Precision: White = 53%, Black = 76%.} 0-1

[Event "HUN-ch Rapid 2018"]
[Site "Ajka"]
[Date "2018.07.22"]
[Round "11"]
[White "Horvath, Adam"]
[Black "Erdos, Viktor"]
[Result "0-1"]
[WhiteElo "2479"]
[BlackElo "2617"]
[Annotator "TA"]
[PlyCount "50"]
[EventDate "2018.07.20"]
[EventType "swiss"]
[EventCountry "HUN"]
[SourceTitle "playchess.com"]
[Source "ChessBase"]
[SourceQuality "1"]

{[%evp 18,50,16,18,16,0,28,0,16,-15,12,0,0,-23,-18,-27,0,-35,51,-20,-24,-21,-1,-47,-9,-14,0,-35,-36,-50,0,0,0,0,20]} 1. e4 e5 2. Nf3 Nc6 3. Bc4 Bc5 4. c3 Nf6 5. d3 O-O 6. O-O a5 {C54: Italienische Partie (Hauptvariante)} (6... d6 7. Re1 h6 8. Nbd2 a5 9. Nf1 Bb6 10. Be3 Bxe3 11. Nxe3 Be6 12. Bb5 Ne7 13. Ba4 Ng6 14. Bc2 Re8 15. d4 {1-0 (54) Vachier Lagrave,M (2789)-Caruana,F (2816) Paris 2018}) 7. Bg5 {[%cal Bc1g5,Bg5h4,Bh4g3][%mdl 32]} h6 8. Bh4 Be7 9. a4 d6 10. Nbd2 {LiveBook: 3 Partien} Nh5 11. Bg3 g6 $146 ({Vorgänger:} 11... Nxg3 12. fxg3 Kh8 13. Qb3 f5 14. exf5 Rxf5 {1-0 (25) Demchenko,A (2595)-Samdanov,S (2315) St Petersburg 2015}) 12. Re1 Kh7 13. d4 {[%cal Rd4e5]} Bf6 {[%cal Re5d4]} 14. dxe5 Nxe5 15. Be2 Nxg3 16. hxg3 Bg7 (16... Kg7 {looks sharper.} 17. Nc4 Nd7 18. Bd3 Kg8 19. Ne3 Bg7) 17. Nc4 {[%cal Bd2c4,Bc4e3,Be3d5,Bd5f6][%mdl 32]} Nxf3+ ({Günstiger ist} 17... Nd7 $15) 18. Bxf3 (18. gxf3 $14 h5 19. Ne3) 18... Be6 $11 19. Ne3 Qg5 20. Qc2 h5 21. Rad1 Rae8 22. Be2 Qc5 23. g4 Bh6 24. Nd5 {Und weiter mit Sf6+ wäre nett.} hxg4 {[#] Weiss muss nun ...g3 beachten.} 25. Nf6+ Kh8 {[%mdl 32768] Precision: Weiß =  8%, Schwarz = 22%. . Sensor Board Error (Ke4/e5)?} 0-1

[Event "HUN-ch Rapid 2018"]
[Site "Ajka"]
[Date "2018.07.22"]
[Round "11"]
[White "Nemeth, Miklos"]
[Black "Prohaszka, Peter"]
[Result "1/2-1/2"]
[WhiteElo "2469"]
[BlackElo "2593"]
[Annotator "TA"]
[PlyCount "41"]
[EventDate "2018.07.20"]
[EventType "swiss"]
[EventCountry "HUN"]
[SourceTitle "playchess.com"]
[Source "ChessBase"]
[SourceQuality "1"]

{[%evp 14,41,20,10,17,4,0,6,0,2,11,12,11,3,8,13,10,0,0,0,0,0,6,6,21,18,27,26,47,43]} 1. e4 c6 2. Nc3 d5 3. Nf3 dxe4 4. Nxe4 Nf6 5. Ng3 g6 6. d4 Bg7 7. Be2 O-O {B15: Caro-Kann: 3 Nc3: 3...g6 and 3...dxe4 4 Nxe4 Nf6 5 Nxf6+ exf6} 8. O-O {LiveBook: 5 Games} b6 (8... Nbd7 9. c4 Qc7 10. Re1 b6 11. Bg5 Bb7 12. Qd2 Rad8 13. Bh6 e6 14. Rad1 c5 15. Bxg7 Kxg7 16. dxc5 Nxc5 {0-1 (47) Larrua Gonzalez,F (2316)-Soppe,G (2430) Havana 2011}) 9. Ne5 $146 ({Predecessor:} 9. Re1 Bb7 10. Bf4 Nd5 11. Bd2 Nd7 12. c4 N5f6 13. Bc3 e6 14. b4 Qc7 15. h3 {½-½ (36) Sanchez Quintero,R (2120)-Marrero Cardenes,A (1926) Gran Canaria 2012}) 9... Bb7 {The position is equal.} 10. Bf3 Qc8 11. c3 c5 12. dxc5 bxc5 13. Bxb7 Qxb7 14. Qb3 Qa6 15. Re1 e6 16. Qc4 Qxc4 17. Nxc4 Nd5 18. a4 {[%cal Ba2a4,Ba4a5][%mdl 32]} Nb6 19. Nd6 Rd8 20. Nge4 {Black must now prevent Bg5.} Na6 21. a5 {Precision: White = 94%, Black = 66%.} 1/2-1/2

[Event "HUN-ch Rapid 2018"]
[Site "Ajka"]
[Date "2018.07.22"]
[Round "11"]
[White "Groszpeter, Attila"]
[Black "Csonka, Balazs"]
[Result "1/2-1/2"]
[WhiteElo "2438"]
[BlackElo "2311"]
[Annotator "TA"]
[PlyCount "26"]
[EventDate "2018.07.20"]
[EventType "swiss"]
[EventCountry "HUN"]
[SourceTitle "playchess.com"]
[Source "ChessBase"]
[SourceQuality "1"]

{[%evp 15,26,-5,0,-7,0,0,2,0,0,6,1,0,19]} 1. e4 e5 2. Nf3 Nc6 3. Bb5 Nf6 {[%cal Bg8f6,Bf6d7,Bd7f8,Bf8e6][%mdl 32]} 4. d3 Bc5 5. Bxc6 dxc6 6. h3 {C65: Ruy Lopez: Berlin Defence (3...Nf6), unusual lines and 4 0-0 Bc5} Nd7 7. Nc3 O-O 8. O-O Re8 {LiveBook: 4 Games. The position is equal.} 9. Qe1 $146 ({Predecessor:} 9. Be3 Bd6 10. Nd2 Nf8 11. Nc4 Ng6 12. a4 Be6 13. Nxd6 cxd6 {½-½ (42) Caruana,F (2811)-Aronian,L (2777) Zuerich 2015}) 9... Bd6 10. Nd2 Nf8 11. Nc4 Ne6 12. Ne2 f6 13. Be3 c5 1/2-1/2

[Event "HUN-ch Rapid 2018"]
[Site "Ajka"]
[Date "2018.07.22"]
[Round "11"]
[White "Csiszar, Csaba"]
[Black "Kormos, Adam"]
[Result "1-0"]
[WhiteElo "2432"]
[BlackElo "2201"]
[Annotator "TA"]
[PlyCount "28"]
[EventDate "2018.07.20"]
[EventType "swiss"]
[EventCountry "HUN"]
[SourceTitle "playchess.com"]
[Source "ChessBase"]
[SourceQuality "1"]

{[%evp 14,28,63,50,95,73,60,55,80,81,113,111,175,175,163,146,173]} 1. d4 d6 2. Nf3 Bg4 3. c4 Bxf3 4. gxf3 c6 5. Nc3 g6 6. e4 {A41: 1 d4 d6: Tartakower System and Modern Defence} Bg7 7. Be3 Nd7 8. Qd2 {LiveBook: 3 Games. White is slightly better.} (8. h4 Ngf6 9. f4 Qa5 10. Qd2 Ng4 11. Bh3 Nxe3 12. Bxd7+ Kxd7 13. fxe3 c5 14. Rd1 Rac8 {½-½ (32) Gordon,S (2535)-McNab,C (2438) England 2012}) 8... Qc7 9. f4 $146 ({Predecessor:} 9. h4 h5 10. Bh3 O-O-O 11. O-O-O Kb8 12. Kb1 Ngf6 13. Qc2 Nb6 14. Na4 Nfd7 15. Nxb6 Nxb6 {1-0 (27) Rothebarth,A (2032)-Kanzler,K (1868) Sao Paulo 2016}) 9... e6 10. h4 Ne7 11. h5 gxh5 12. Rxh5 Nf6 (12... h6 $16) 13. Rg5 $18 Bh6 14. Rg1 d5 1-0

[Event "HUN-ch Rapid 2018"]
[Site "Ajka"]
[Date "2018.07.22"]
[Round "11"]
[White "Almasi, Istvan"]
[Black "Szalanczi, Emil"]
[Result "0-1"]
[WhiteElo "2416"]
[BlackElo "2214"]
[Annotator "TA"]
[PlyCount "39"]
[EventDate "2018.07.20"]
[EventType "swiss"]
[EventCountry "HUN"]
[SourceTitle "playchess.com"]
[Source "ChessBase"]
[SourceQuality "1"]

{[%evp 20,39,50,14,42,28,28,27,33,8,23,11,15,0,0,-64,-60,-118,-113,-122,-118,-235]} 1. d4 Nf6 2. Bf4 g6 3. e3 Bg7 4. Nf3 d6 5. Be2 O-O 6. O-O Nbd7 7. h3 b6 8. c4 Bb7 9. Nc3 e6 10. Qc2 Qe7 {E61: King's Indian: Early deviations for White, including Smyslov System} 11. Bh2 {LiveBook: 17 Games} (11. Rad1 Nh5 12. Bh2 f5 13. Nd2 a5 14. Rfe1 Qf7 15. Bf3 Bxf3 16. Nxf3 e5 17. dxe5 Nxe5 18. Nxe5 dxe5 {1-0 (29) Georgiev,K (2623)-Ibrahimov,R (2518) Riadh 2017}) 11... Rfd8 12. e4 $146 ({Predecessor:} 12. Rfd1 a5 13. e4 e5 14. d5 Rf8 15. Nd2 Bh6 16. a3 Ne8 17. b4 Bxd2 18. Qxd2 {½-½ (41) Gaspert,G (2071)-Vlaic,B (2239) Bol 2014}) 12... e5 {White has an edge.} 13. d5 Nh5 14. Rae1 Rf8 15. b4 a6 16. g3 Bc8 17. Nd2 (17. Kh1 $11) 17... Ndf6 $15 18. g4 (18. Kg2 $15) 18... Nf4 $17 19. Bxf4 exf4 20. c5 {Precision: White =  6%, Black = 68%.} (20. Kg2 $17) 0-1

[Event "HUN-ch Rapid 2018"]
[Site "Ajka"]
[Date "2018.07.22"]
[Round "11"]
[White "Galyas, Miklos"]
[Black "Horvath, Peter"]
[Result "1-0"]
[WhiteElo "2382"]
[BlackElo "2438"]
[Annotator "NA"]
[PlyCount "39"]
[EventDate "2018.07.20"]
[EventType "swiss"]
[EventCountry "HUN"]
[SourceTitle "playchess.com"]
[Source "ChessBase"]
[SourceQuality "1"]
[TimeControl "1200+5"]

1. Nf3 {[%emt 0:00:02]} d5 {[%emt 0:00:16]} 2. c4 {[%emt 0:00:02]} e6 {[%emt 0:00:16]} 3. g3 {[%emt 0:00:01]} Nf6 {[%emt 0:00:16]} 4. Bg2 {[%emt 0:00:02]} d4 {[%emt 0:00:10]} 5. O-O {[%emt 0:00:04]} c5 {[%emt 0:00:06]} 6. e3 {[%emt 0:00:03]} Nc6 {[%emt 0:00:05]} 7. exd4 {[%emt 0:00:02]} cxd4 {[%emt 0:00:02]} 8. d3 {[%emt 0:00:02]} Be7 {[%emt 0:00:23]} 9. Re1 {[%emt 0:00:44]} O-O {[%emt 0:00:18]} 10. Na3 {[%emt 0:00:27]} Nd7 {[%emt 0:02:29]} 11. Nc2 {[%emt 0:00:04]} e5 {[%emt 0:00:03]} 12. Bd2 {[%emt 0:02:20]} a5 {[%emt 0:00:05]} 13. a3 {[%emt 0:00:12]} a4 {[%emt 0:00:57]} 14. Nb4 {[%emt 0:00:14]} f6 {[%emt 0:00:08]} 15. Nh4 {[%emt 0:00:24]} Ndb8 {[%emt 0:02:06]} 16. Bd5+ {[%emt 0:00:48]} Kh8 {[%emt 0:00:02]} 17. f4 {[%emt 0:02:57]} Bd6 {[%emt 0:01:29]} 18. f5 {[%emt 0:01:12]} Qe8 {[%emt 0:01:23]} 19. Ng6+ {[%emt 0:01:07]} hxg6 {[%emt 0:00:10]} 20. Qg4 {[%emt 0:00:01]} 1-0

[Event "HUN-ch Rapid 2018"]
[Site "Ajka"]
[Date "2018.07.22"]
[Round "11"]
[White "Dankhazi, Andras"]
[Black "Geher, Koppany"]
[Result "1-0"]
[WhiteElo "2361"]
[BlackElo "2207"]
[Annotator "NA"]
[PlyCount "29"]
[EventDate "2018.07.20"]
[EventType "swiss"]
[EventCountry "HUN"]
[SourceTitle "playchess.com"]
[Source "ChessBase"]
[SourceQuality "1"]
[TimeControl "1200+5"]

1. d4 {[%emt 0:00:02]} Nf6 {[%emt 0:04:04]} 2. c4 {[%emt 0:00:02]} g6 {[%emt 0:00:01]} 3. g3 {[%emt 0:00:02]} c6 {[%emt 0:00:16]} 4. Bg2 {[%emt 0:00:01]} d5 {[%emt 0:00:01]} 5. Qa4 {[%emt 0:00:01]} Nbd7 {[%emt 0:01:22]} 6. cxd5 {[%emt 0:00:10]} cxd5 {[%emt 0:00:02]} 7. Nc3 {[%emt 0:00:07]} Bg7 {[%emt 0:00:09]} 8. e3 {[%emt 0:03:24]} O-O {[%emt 0:00:06]} 9. Nge2 {[%emt 0:00:01]} e6 {[%emt 0:01:17]} 10. O-O {[%emt 0:00:07]} a6 {[%emt 0:00:52]} 11. Nf4 {[%emt 0:00:33]} b5 {[%emt 0:01:13]} 12. Qd1 {[%emt 0:00:26]} Bb7 {[%emt 0:00:51]} 13. Nd3 {[%emt 0:00:48]} Qe7 {[%emt 0:01:26]} 14. Qb3 {[%emt 0:00:51]} Ne4 {[%emt 0:04:37]} 15. a4 {[%emt 0:01:39]} 1-0

[Event "HUN-ch Rapid 2018"]
[Site "Ajka"]
[Date "2018.07.22"]
[Round "11"]
[White "Csonka, Attila Istvan"]
[Black "Jakab, Attila"]
[Result "0-1"]
[WhiteElo "2337"]
[BlackElo "2363"]
[Annotator "NA"]
[PlyCount "53"]
[EventDate "2018.07.20"]
[EventType "swiss"]
[EventCountry "HUN"]
[SourceTitle "playchess.com"]
[Source "ChessBase"]
[SourceQuality "1"]
[TimeControl "1200+5"]

1. e4 {[%emt 0:00:05]} e6 {[%emt 0:08:02]} 2. d4 {[%emt 0:00:04]} d5 {[%emt 0:00:01]} 3. Nd2 {[%emt 0:00:05]} dxe4 {[%emt 0:00:06]} 4. Nxe4 {[%emt 0:00:02]} Nd7 {[%emt 0:00:01]} 5. Nf3 {[%emt 0:00:22]} Ngf6 {[%emt 0:00:01]} 6. Bg5 {[%emt 0:00:04]} Be7 {[%emt 0:00:01]} 7. Bxf6 {[%emt 0:00:06]} Nxf6 {[%emt 0:00:01]} 8. Bd3 {[%emt 0:00:04]} O-O {[%emt 0:00:02]} 9. Qe2 {[%emt 0:00:13]} Nd5 {[%emt 0:00:23]} 10. O-O-O {[%emt 0:01:02]} Nf4 {[%emt 0:00:05]} 11. Qd2 {[%emt 0:00:19]} Nxd3+ {[%emt 0:00:54]} 12. Qxd3 {[%emt 0:00:02]} b6 {[%emt 0:00:03]} 13. h4 {[%emt 0:00:10]} h6 {[%emt 0:00:18]} 14. Kb1 {[%emt 0:01:55]} Bb7 {[%emt 0:00:01]} 15. c4 {[%emt 0:00:20]} f5 {[%emt 0:03:22]} 16. Nc3 {[%emt 0:00:16]} Bf6 {[%emt 0:00:43]} 17. Rhe1 {[%emt 0:00:52]} Bxh4 {[%emt 0:01:13]} 18. Rxe6 {[%emt 0:00:13]} Bxf2 {[%emt 0:00:16]} 19. d5 {[%emt 0:00:22]} Bc5 {[%emt 0:00:21]} 20. Nb5 {[%emt 0:00:40]} Bc8 {[%emt 0:00:16]} 21. Re2 f4 {[%emt 0:00:07]} 22. Nbd4 {[%emt 0:00:09]} Bxd4 {[%emt 0:00:07]} 23. Qxd4 {[%emt 0:00:09]} Qf6 {[%emt 0:00:18]} 24. Qxf6 {[%emt 0:00:10]} Rxf6 {[%emt 0:00:01]} 25. Re7 {[%emt 0:00:01]} Rf7 {[%emt 0:00:09]} 26. Rde1 {[%emt 0:00:06]} Bf5+ {[%emt 0:00:13]} 27. Kc1 {[%emt 0:00:01]} 0-1